<?xml version="1.0" encoding="UTF-8"?>
<record
    xmlns:xsi="http://www.w3.org/2001/XMLSchema-instance"
    xsi:schemaLocation="http://www.loc.gov/MARC21/slim http://www.loc.gov/standards/marcxml/schema/MARC21slim.xsd"
    xmlns="http://www.loc.gov/MARC21/slim">

  <leader>01561cam a22003014a 4500</leader>
  <controlfield tag="001">27885</controlfield>
  <controlfield tag="003">BD-RjUL</controlfield>
  <controlfield tag="005">20211209051219.0</controlfield>
  <controlfield tag="008">140327s2011    cauab    be   001 0 eng</controlfield>
  <datafield tag="020" ind1=" " ind2=" ">
    <subfield code="a">9781851099290 (hard copy : alk. paper)</subfield>
  </datafield>
  <datafield tag="020" ind1=" " ind2=" ">
    <subfield code="a">9781851099306 (ebook)</subfield>
  </datafield>
  <datafield tag="035" ind1=" " ind2=" ">
    <subfield code="a">(BD-RjUL)27965</subfield>
  </datafield>
  <datafield tag="040" ind1=" " ind2=" ">
    <subfield code="a">DLC</subfield>
    <subfield code="c">DLC</subfield>
    <subfield code="d">DLC</subfield>
    <subfield code="d">BD-RjUL</subfield>
    <subfield code="b">eng</subfield>
  </datafield>
  <datafield tag="041" ind1=" " ind2=" ">
    <subfield code="a">eng</subfield>
  </datafield>
  <datafield tag="082" ind1="0" ind2="0">
    <subfield code="a">R 909</subfield>
    <subfield code="2">22</subfield>
    <subfield code="b">WOR V-18 2011</subfield>
  </datafield>
  <datafield tag="245" ind1="0" ind2="0">
    <subfield code="a">World history encyclopedia /</subfield>
    <subfield code="c">Alfred J. Andrea, general editor ; Carolyn Neel, associate general editor.</subfield>
    <subfield code="n">V-18</subfield>
    <subfield code="p">Era-8 : Crises and Achievement, 1900-1945.</subfield>
  </datafield>
  <datafield tag="260" ind1=" " ind2=" ">
    <subfield code="a">Santa Barbara, Calif. :</subfield>
    <subfield code="b">ABC-CLIO,</subfield>
    <subfield code="c">c2011.</subfield>
  </datafield>
  <datafield tag="300" ind1=" " ind2=" ">
    <subfield code="a">21 v. :</subfield>
    <subfield code="b">ill., maps ;</subfield>
    <subfield code="c">29 cm.</subfield>
  </datafield>
  <datafield tag="504" ind1=" " ind2=" ">
    <subfield code="a">Includes bibliographical references and index.</subfield>
  </datafield>
  <datafield tag="505" ind1="0" ind2=" ">
    <subfield code="a">v. 1. Introduction -- v. 2. Era 1: Beginnings of human society -- v. 3-4. Era 2: Early civilizations, 4000-1000 BCE -- v. 5-6. Era 3: Classical traditions, 1000 BCE-300 CE -- v. 7-8. Era 4: Expanding regional civilizations, 300-1000 -- v. 9-10. Era 5: Intensified hemispheric interactions, 1000-1500 -- v. 11-13. Era 6: The first global age, 1450-1770 -- v. 14-16. Era 7: The age of revolutions, 1750-1914 -- v. 17-18. Era 8: Crisis and achievement, 1900-1945 -- v. 19-20. Era 9: Promises and paradoxes, 1945-present -- v. 21. Index.</subfield>
  </datafield>
  <datafield tag="650" ind1=" " ind2="0">
    <subfield code="a">World history</subfield>
    <subfield code="v">Encyclopedias.</subfield>
    <subfield code="9">85470</subfield>
  </datafield>
  <datafield tag="650" ind1=" " ind2="0">
    <subfield code="a">History</subfield>
    <subfield code="v">Encyclopedias.</subfield>
    <subfield code="9">56127</subfield>
  </datafield>
  <datafield tag="700" ind1="1" ind2=" ">
    <subfield code="a">Andrea, Alfred J.</subfield>
    <subfield code="d">1941-</subfield>
    <subfield code="9">85471</subfield>
  </datafield>
  <datafield tag="700" ind1="1" ind2=" ">
    <subfield code="a">Neel, Carolyn.</subfield>
    <subfield code="9">85472</subfield>
  </datafield>
  <datafield tag="942" ind1=" " ind2=" ">
    <subfield code="2">ddc</subfield>
    <subfield code="c">REF</subfield>
  </datafield>
  <datafield tag="999" ind1=" " ind2=" ">
    <subfield code="c">27885</subfield>
    <subfield code="d">27885</subfield>
  </datafield>
  <datafield tag="952" ind1=" " ind2=" ">
    <subfield code="0">0</subfield>
    <subfield code="1">0</subfield>
    <subfield code="2">ddc</subfield>
    <subfield code="4">0</subfield>
    <subfield code="7">2</subfield>
    <subfield code="8">REF</subfield>
    <subfield code="a">RUCL</subfield>
    <subfield code="b">RUCL</subfield>
    <subfield code="c">Reference</subfield>
    <subfield code="d">2014-03-23</subfield>
    <subfield code="e">Paragon Enterprise,Dhaka.</subfield>
    <subfield code="g">7166.67</subfield>
    <subfield code="l">0</subfield>
    <subfield code="o">R 909 WOR V-18 2011</subfield>
    <subfield code="r">2014-03-27 00:00:00</subfield>
    <subfield code="t">C-1</subfield>
    <subfield code="w">2021-12-09</subfield>
    <subfield code="y">REF</subfield>
  </datafield>
</record>
